Úřad dokumentace a vyšetřování zločinů komunismu, jeho činnost a výsledky
| Titel: | Úřad dokumentace a vyšetřování zločinů komunismu, jeho činnost a výsledky |
|---|---|
| Verfasser: | |
| Beteiligt: | |
| In: |
Třetí (protikomunistický) odboj, (2002), Seite 257-263 alle Artikel anzeigen |
| Veröffentlicht: | 2002 |
| Format: | Aufsatz |
| Sprache: | Tschechisch |
X
alg: 39297788
001A $01999:11-11-16
001B $01999:06-04-21 $t20:52:54.000
001D $01999:11-11-16
001U $0utf8
001X $00
002@ $0Aox
003@ $0392977885
007A $0392977885 $aHEB
007T $0Herdp11390
010@ $acze
011@ $a2002
021A $aÚřad dokumentace a vyšetřování zločinů komunismu, jeho činnost a výsledky
028A $aBret $dPavel
028B/01 $aKalous $dJan
031A $h257-263 $j2002
039B $aIn $8--AFu--. Za svobodu a demokracii ; 3. Třetí (protikomunistický) odboj. - Vyd. 1.. - Hradec Králové : Univerzita Hradec Králové, Ústav filosofie a společenských věd {[u.a.], 2002. - 400 S.. - ISBN 80-903024-6-7 $x200200000000000743 $9362134316
045F $a900.943710904 $eDDC23BSB
045F/01 $a900
045F/03 $f0904
045F/03 $g4371
lok: 39297788 78
exp: 39297788 78 1 #EPN
201B/01 $026-11-17 $t01:20:25.000
201U/01 $0utf8
203@/01 $0789088193
208@/01 $a11-11-16 $be
209A/01 $a/ $f000 $x00
220C/01 $aTitelaufnehmer: rb
220C/01 $aHerkunft: Hú Av Čr Praha
244Z/01 $#Tschechien $#Tschechische Republik $#Tschechische Republik $#Tschechenland $#Tschechei Tschechien $#Česká Republika $#Czech Republic $#ČR $74303381-7 $8--Tg1--Tschechien $x01 $9086659812
244Z/01 $2Trx $#Böhmen $#Bohemia $#Czechy $8--Trx--Čechy $x02 $9391188941
244Z/01 $2Trx $#repressioonid, kommunistlikud $#komunistų represijos $#repression, communist $#elnyomás, kommunista $#represje komunistyczne $#represie, komunistické $#represe komunistické $8--Trx--Repressionen, kommunistische $x03 $9391359835
244Z/01 $2Trx $#protsessid kohus $#teismų procesai $#legal proceeding court $#perek bíróság $#procesy sądowe $#procesy súd $#procesy soud $#Auschwitz-Prozeß $#court case, lawsuit $#proces oświęcimski $#proces osvienčimský $8--Trx--Prozesse$gGericht $x04 $939136782X
244Z/01 $2Trx $#vastupanu, antikommunistlik $#antikomunistinis pasipriešinimas $#anticommunist resistance $#ellenállás, antikommunista $#opozycja antykomunistyczna $#odboj, protikomunistický $#odboj, protikomunistický $8--Trx--Widerstand, antikommunistischer $x05 $9391367366
244Z/01 $2Trx $#salateenistus $#slaptosios tarnybos $#secret services $#titkosszolgálatok $#służba bezpieczeństwa $#služby spravodajské, tajné $#služby zpravodajské, tajné $8--Trx--Geheimdienste $x06 $9391362852
244Z/01 $2Trx $#sotsialism kommunism $#socializmas komunizmas $#socialism communism $#szocializmus kommunizmus $#socjalizm komunizm $#socializmus komunizmus $#socialismus komunismus $#Kommunismus $#communism $#ruch komunistyczny $#komunizm $#komunizmus $#komunismus $8--Trx--Sozialismus$xKommunismus $x07 $9391374990
244Z/01 $2Trx $8--Trx--Einzelbeiträge $x08 $9391384570
245Z/01 $a06.04.04 $x01
247C/01 $82080>Marburg/Lahn, Herder-Institut, Forschungsbibliothek, Bibliographieportal $9336309341
| LEADER | 00000caa a22000002c 4500 | ||
|---|---|---|---|
| 001 | 392977885 | ||
| 003 | DE-603 | ||
| 005 | 20210406205254.0 | ||
| 007 | tu | ||
| 008 | 161111s2002 xx |||| | u00||u|cze c | ||
| 035 | |a (DE-599)HEB392977885 | ||
| 040 | |a DE-603 |b ger |c DE-603 |d DE-603 | ||
| 041 | |a cze | ||
| 082 | 0 | 4 | |8 1\u |a 900.943710904 |q DE-101 |2 23/BSB |
| 085 | |8 1\u |b 900 | ||
| 085 | |8 1\u |z 1 |s 0904 | ||
| 085 | |8 1\u |z 2 |s 4371 | ||
| 100 | 1 | |a Bret, Pavel | |
| 245 | 0 | 0 | |a Úřad dokumentace a vyšetřování zločinů komunismu, jeho činnost a výsledky |
| 264 | 0 | |c 2002 | |
| 700 | 1 | |a Kalous, Jan | |
| 773 | 0 | 8 | |i In |t Třetí (protikomunistický) odboj |b Vyd. 1. |d Hradec Králové : Univerzita Hradec Králové, Ústav filosofie a společenských věd [u.a.], 2002 |h 400 S., 21 cm |z 8090302467 |z 9788090302464 |g (2002), Seite 257-263 |w (DE-603)362134316 |
| 924 | 0 | |9 2080 |a (DE-603)789088193 |b DE-2080 |c HES |d d |g / | |


